Welcome to the Holygrace Academy Library

Please use search bar below to get started

HOW TO WRITE AND SPEAK BETTER (Record no. 2909)

MARC details
000 -LEADER
fixed length control field 00305nam a22001217a 4500
082 ## - DEWEY DECIMAL CLASSIFICATION NUMBER
Classification number 425
Item number REA/H
100 ## - MAIN ENTRY--AUTHOR NAME
Personal name KAHN,JOHN ELLISON
245 ## - TITLE STATEMENT
Title HOW TO WRITE AND SPEAK BETTER
260 ## - PUBLICATION, DISTRIBUTION, ETC. (IMPRINT)
Place of publication LONDON
Name of publisher THE READERS DIGEST ASSOCIATION LIMITED
300 ## - PHYSICAL DESCRIPTION
Number of Pages 655
650 ## - SUBJECT ADDED ENTRY--TOPICAL TERM
Topical Term GENERAL KNOWLEDGE
Geographic subdivision LONDON
942 ## - ADDED ENTRY ELEMENTS (KOHA)
Koha item type Books
Holdings
Withdrawn status Lost status Collection code Home library Current library Shelving location Date acquired Source of acquisition Full call number Accession Number Koha item type
    Reference Main Library Main Library   20/05/2004 PURCHASE 425 REA/H 00799 Books